000 00243nam a2200097Ia 4500
001 687475
005 20250826161556.0
008 250824s9999 xx 000 0 und d
245 0 _aHAYAL SÖZLEŞMESİ
_cDİLEK YARDIMCI
260 _bTUDEM YAYINLARI
999 _c687475
_d687475